000 00374nam a22001697a 4500
999 _c4047
_d4046
005 20210831110003.0
008 160625b xxu||||| |||| 00| 0 eng d
020 _a81-85989-75-3
041 _aeng
082 _b10104
_a343
100 _aBaraja, J.K.
_92797
245 _aIndustrial Law
260 _bGalgotia
300 _a516
650 _aManagement
_9241
942 _cBK